Read sample Geospatial Intelligence: Applications and Future Trends / (Record no. 616277)
[ view plain ]
| 000 -LEADER | |
|---|---|
| fixed length control field | 00661nam a22001697a 4500 |
| 003 - CONTROL NUMBER IDENTIFIER | |
| control field | NUST |
| 005 - DATE AND TIME OF LATEST TRANSACTION | |
| control field | 20260217144053.0 |
| 008 - FIXED-LENGTH DATA ELEMENTS--GENERAL INFORMATION | |
| fixed length control field | 260217b ||||| |||| 00| 0 eng d |
| 020 ## - INTERNATIONAL STANDARD BOOK NUMBER | |
| International Standard Book Number | 978-3030804602 |
| 082 ## - DEWEY DECIMAL CLASSIFICATION NUMBER | |
| Classification number | 363.3 |
| Author Mark | FAT |
| 100 ## - MAIN ENTRY--PERSONAL NAME | |
| Personal name | Fatimazahra Barramou, El Hassan El Brirchi, Khalifa Mansouri, Youness Dehbi. |
| 9 (RLIN) | 133302 |
| 245 ## - TITLE STATEMENT | |
| Title | Read sample Geospatial Intelligence: Applications and Future Trends / |
| Remainder of title | Advances in Science, Technology & Innovation / |
| Statement of responsibility, etc. | Fatimazahra Barramou, El Hassan El Brirchi, Khalifa Mansouri, Youness Dehbi. |
| 260 ## - PUBLICATION, DISTRIBUTION, ETC. | |
| Place of publication, distribution, etc. | Switzerland: |
| Name of publisher, distributor, etc. | Springer, |
| Date of publication, distribution, etc. | 2022. |
| 300 ## - PHYSICAL DESCRIPTION | |
| Extent | x, 180 p ; |
| Dimensions | 34.3 cm |
| 563 ## - BINDING INFORMATION | |
| Binding note | Hardcover |
| 942 ## - ADDED ENTRY ELEMENTS (KOHA) | |
| Source of classification or shelving scheme | |
| Koha item type | Book |
| Withdrawn status | Lost status | Source of classification or shelving scheme | Damaged status | Not for loan | Permanent Location | Current Location | Date acquired | Total Checkouts | Full call number | Barcode | Date last seen | Price effective from | Koha item type |
|---|---|---|---|---|---|---|---|---|---|---|---|---|---|
| Institute of Geographical Information Systems (IGIS) | Institute of Geographical Information Systems (IGIS) | 02/17/2026 | 363.3 FAT | IGIS-156 | 02/17/2026 | 02/17/2026 | Book |
